Music Quiz

Random Music or Clickable Quiz

Tiny Hits of the '70s 2! Quiz Stats

 Plays Quiz not verified by Sporcle

Score 0/60 Timer 10:00
0 Plays Today
% Correct
ABBA
90.1%
The Police
90%
Billy Joel
81.2%
The Rolling Stones
78.8%
Eagles
78.5%
Black Sabbath
75.9%
The Who
75.1%
Heart
74.3%
Elton John
73.8%
John Travolta
72.4%
Neil Young
71.4%
David Bowie
70.7%
ZZ Top
69.2%
Paul Simon
68.1%
Van Halen
66.8%
The Grateful Dead
65.3%
The Cars
63.7%
The Band
63.5%
Mott The Hoople
63.1%
Alice Cooper
63%
Joe Walsh
60.9%
Cat Stevens
60.5%
The Doobie Brothers
59.7%
The Steve Miller Band
58.7%
Cheap Trick
57.3%
Ramones
56.1%
The Allman Brothers Band
55%
Jethro Tull
52.5%
Supertramp
52%
Led Zeppelin
51.5%
% Correct
Bob Seger
51.1%
Deep Purple
48.3%
Kiss
48%
Bachman-Turner Overdrive
46.9%
Linda Ronstadt
46.7%
Rush
44.2%
Creedence Clearwater Revival
43.3%
Joe Cocker
42.4%
Jackson Browne
42.3%
Roxy Music
39.8%
Steely Dan
38.9%
Electric Light Orchestra
37.2%
Talking Heads
36.7%
Bruce Springsteen
35.8%
The Moody Blues
33.8%
Bob Dylan
33.2%
Aerosmith
31.5%
Rod Stewart
26.4%
Boney M
24.2%
Frank Zappa
23.3%
The Kinks
23.1%
Uriah Heep
22.8%
Elvis Presley
22.2%
Prince
20%
Joni Mitchell
19.1%
Van Morrison
18.3%
Styx
16.7%
Boz Scaggs
15.3%
The J. Geils Band
14.2%
The Manhattan Transfer
12.6%

You're not logged in!

Compare scores with friends on all Sporcle quizzes.
OR
Log In

Show Comments

Extras

Top Quizzes Today


Score Distribution

Your Account Isn't Verified!

In order to create a playlist on Sporcle, you need to verify the email address you used during registration. Go to your Sporcle Settings to finish the process.

Report this User

Report this user for behavior that violates our Community Guidelines.

Details: